000 00554nam a2200229Ia 4500
003 OSt
005 20220918190616.0
006 a|||||r|||| 00| 0
007 ta
008 220917b |||||||| |||| 00| 0 eng d
024 _a58,153
037 _cTextual
040 _aARTS
_cARTS
_beng
041 _2eng
_aeng
082 _aQ1:1, K3;4 (TTPS)
100 _aMacdonell A A
245 0 _aVedic mythology
260 _c1963
650 _aRELIGION
942 _hQ1:1, K3;4 (TTPS)
_cTEXL
_2CC
999 _c186124
_d186124